|
|
|
|
| LEADER |
00000naa0a2200000 4500 |
| 001 |
654734 |
| 005 |
20250911105949.0 |
| 035 |
|
|
|a (RuTPU)RU\TPU\network\20403
|
| 035 |
|
|
|a RU\TPU\network\17878
|
| 090 |
|
|
|a 654734
|
| 100 |
|
|
|a 20170517d2016 k||y0rusy50 ca
|
| 101 |
0 |
|
|a rus
|
| 102 |
|
|
|a RU
|
| 135 |
|
|
|a drcn ---uucaa
|
| 181 |
|
0 |
|a i
|
| 182 |
|
0 |
|a b
|
| 200 |
1 |
|
|a Испарение капли воды на медных поверхностях
|f А. А. Попкова, Д. В. Феоктистов, Л. С. Жидкова
|
| 203 |
|
|
|a Текст
|c электронный
|
| 300 |
|
|
|a Заглавие с экрана
|
| 320 |
|
|
|a [Библиогр.: с. 156 (17 назв.)]
|
| 463 |
|
1 |
|t Актуальные вопросы теплофизики и физической гидрогазодинамики
|o тезисы докладов XIV Всероссийской школы-конференции молодых ученых с международным участием, Новосибирск, 22-25 Ноября 2016
|f Российская академия наук (РАН), Сибирское отделение (СО), Институт теплофизики им. С. С. Кутателадзе (ИТ)
|v [С. 155-156]
|d 2016
|
| 610 |
1 |
|
|a электронный ресурс
|
| 610 |
1 |
|
|a труды учёных ТПУ
|
| 610 |
1 |
|
|a медные поверхности
|
| 610 |
1 |
|
|a испарение
|
| 610 |
1 |
|
|a вода
|
| 610 |
1 |
|
|a капли
|
| 675 |
|
|
|a 536.4
|v 3
|
| 700 |
|
1 |
|a Попкова
|b А. А.
|g Анна Андреевна
|
| 701 |
|
1 |
|a Феоктистов
|b Д. В.
|c специалист в области теплотехники
|c доцент; заместитель директора Томского политехнического университета, кандидат технических наук
|f 1983-
|g Дмитрий Владимирович
|3 (RuTPU)RU\TPU\pers\27998
|9 12987
|
| 701 |
|
1 |
|a Жидкова
|b Л. С.
|g Лариса Степановна
|
| 712 |
0 |
2 |
|a Национальный исследовательский Томский политехнический университет (ТПУ)
|b Энергетический институт (ЭНИН)
|b Кафедра теоретической и промышленной теплотехники (ТПТ)
|3 (RuTPU)RU\TPU\col\18679
|
| 801 |
|
2 |
|a RU
|b 63413507
|c 20170517
|g RCR
|
| 856 |
4 |
|
|u http://www.itp.nsc.ru/conferences/avtfg/file/thesis.pdf#page=155
|
| 942 |
|
|
|c CF
|